Trade and transcendence in the bronze age Levant : three studies /

محفوظ في:

المؤلف الرئيسي: Merrillees, R. S. (مؤلف)

التنسيق: كتاب

اللغة: English

منشور في: Göteborg : P. Åström [S. vägen 61], 1974.

سلاسل: Studies in Mediterranean archaeology ; 39.

الموضوعات:

الوسوم: إضافة وسم

لا توجد وسوم, كن أول من يضع وسما على هذه التسجيلة!

رقم الطلب: DS56 .M46 1974

LEADER 01018namaa2200277 4500
001 23708
003 OSt
005 20250406115616.0
008 130303s1974 sw a g b 000 0 eng d
020 |a 9185058610 
040 |c ARCE Library 
043 |a aw--- 
050 4 |a DS56 .M46 1974 
100 1 |a Merrillees, R. S.,  |e author 
245 1 0 |a Trade and transcendence in the bronze age Levant :   |b three studies /   |c by R. S. Merrillees. 
264 1 |a Göteborg :   |b P. Åström [S. vägen 61],   |c 1974. 
300 |a 81 pages :  |b illustrations ;  |c 31 cm. 
490 1 |a Studies in Mediterranean archaeology ;   |v 39. 
504 |a Bibliography : pages [78]-79. 
505 0 |a •Cypriote relations with the bronze age Aegean. -- •Ancient Egypt's silent majority: Sidmant tomb 254. -- •A Middle Cypriote III tomb group from Arpera Mosphilos. 
555 |a Hadeer 
651 0 |a Middle East  |x Antiquities. 
830 0 |a Studies in Mediterranean archaeology ;   |v 39. 
901 |a reviewed 
942 |c BK  |2 lcc 
999 |c 22804  |d 22804